|
|
|
|
| LEADER |
00000nab a2200000 a 4500 |
| 001 |
vtls010663482 |
| 003 |
SK-MaSNL |
| 005 |
20260309141912.0 |
| 008 |
150326c2015 xo br p 000 c0ukr |
| 015 |
|
|
|a SNBRB2015/03
|
| 038 |
|
|
|a SVKPOCL
|
| 040 |
|
|
|a SVKPOCL
|b slo
|c SVKPOCL
|e AACR2
|
| 041 |
0 |
|
|a ukr
|
| 044 |
|
|
|a xo
|c SK
|
| 080 |
|
|
|a 80(=161.2)+908(477)
|2 2001
|
| 080 |
|
|
|a 80(=16)+908(4)
|2 2001
|
| 080 |
|
|
|a 821.161.2
|2 2001
|
| 080 |
|
|
|a 821.161.2-312.4
|2 2001
|
| 080 |
|
|
|a (048.2)
|2 2001
|
| 245 |
0 |
0 |
|a Kokotjucha A. «Osinnij sezon smertej» ...
|
| 300 |
|
|
|b Fotogr.
|
| 500 |
|
|
|a V rubrike Ukrajina vydaje
|
| 500 |
|
|
|a Prezentovaný román vyšiel v Charkiv : Knyžkovyj klub «Klub Simejnoho Dozvillja», 2014. - 256 s.
|
| 600 |
1 |
7 |
|a Kokotjucha, Andrij Anatolijovyč,
|d 1970-
|t Osinnij sezon smertej
|2 svkpocl
|9 1629214
|
| 650 |
0 |
7 |
|a ukrajinská literatúra
|2 svkpocl
|9 1218
|
| 650 |
0 |
7 |
|a ukrajinská próza
|2 svkpocl
|9 82745
|
| 650 |
0 |
7 |
|a slavistika
|2 svkpocl
|9 4282
|
| 650 |
0 |
7 |
|a ukrajinistika
|2 svkpocl
|9 51200
|
| 651 |
|
7 |
|a Ukrajina
|2 svkpocl
|9 168045
|
| 655 |
|
7 |
|a anotácie
|2 svkpocl
|9 51989
|
| 655 |
|
7 |
|a články z novín a časopisov
|2 svkpocl
|9 267496
|
| 655 |
|
7 |
|a ukrajinské romány
|2 svkpocl
|9 78649
|
| 655 |
|
7 |
|a detektívne romány
|2 svkpocl
|9 70455
|
| 773 |
0 |
|
|t Duklja
|g Rik vydannja 63, No 1 (2015), s. 89
|
| 852 |
|
|
|a SVKPO
|b KIS3GCP
|
| 958 |
|
|
|a UK
|
| 958 |
|
|
|a LX
|
| 958 |
|
|
|a SK
|
| 958 |
|
|
|a UA
|
| 958 |
|
|
|a SS
|
| 999 |
|
|
|c 3362467
|d 3364397
|